[Event "Santa Barbara op"]
[Site "Santa Barbara"]
[Date "2023.02.11"]
[Round "3"]
[White "Chaves Solera, Milton"]
[Black "Solano Arias, Saul"]
[Result "1/2-1/2"]
[WhiteElo "1504"]
[BlackElo "1392"]
[PlyCount "80"]
[EventDate "2023.01.28"]
[EventType "swiss"]
[EventRounds "6"]
[EventCountry "CRI"]
[SourceTitle "CBM 213 Extra"]
[Source "ChessBase"]
[SourceDate "2023.05.31"]
[SourceVersion "1"]
[SourceVersionDate "2023.05.31"]
[SourceQuality "1"]

1. d4 d5 2. e3 e6 3. Nf3 f5 4. Bd3 Nf6 5. Nbd2 Bd6 6. 0-0 0-0 7. c4 c6 8. c5 Bc7 9. b4 Nbd7 10. Bb2 Ne4 11. Ne5 Rf6 12. Ndf3 Rh6 13. Bxe4 fxe4 14. Ng4 Rg6 15. Nfe5 Nxe5 16. Nxe5 Bxe5 17. dxe5 Qg5 18. g3 Bd7 19. f4 exf3 20. Qxf3 Qe7 21. Rf2 Rf8 22. Qg2 Rg5 23. Raf1 Rxf2 24. Rxf2 Be8 25. e4 dxe4 26. Qxe4 Bg6 27. Qd4 Rf5 28. Qd6 Qf7 29. Qb8+ Qf8 30. Qxf8+ Kxf8 31. Rxf5+ Bxf5 32. Kf2 Kf7 33. Kf3 h5 34. Kf4 Kg6 35. h4 Bb1 36. a4 Bf5 37. Bd4 Bd3 38. a5 a6 39. Bc3 Be2 40. Bd2 Bg4 1/2-1/2